La investigación social y educativa

Guardat en:
Dades bibliogràfiques
Autor principal: Briones, Guillermo (Autor)
Format: Llibre
Idioma:espanyol
Publicat: Bogotá SECAB 1992
Edició:2a. ed
Col·lecció:Formación de Docentes en Investigación Educativa, 1
Matèries:
Etiquetes: Afegir etiqueta
Sense etiquetes, Sigues el primer a etiquetar aquest registre!

MARC

LEADER 00000nam a2200000 a 4500
001 UCU4316
003 CL-VaPUC
008 960517e19920000CK |||||||||||||||||spa|d
020 |a 9589089186 
082 0 4 |a 370.71  |b BRI  |2 21 
100 0 |a Briones, Guillermo  |e author  |9 361853 
245 1 3 |a La investigación social y educativa 
250 |a 2a. ed 
300 |a 149 p 
942 |c BK 
945 |d 19960517 00:00:00  |a rbrito 
260 |a Bogotá  |b SECAB  |c 1992 
650 0 |a Formación profesional de profesores  |9 307493 
650 7 |a CAPACITACION DEL PERSONAL DE EDUCACION  |2 CL-VaPUC  |9 335008 
650 0 |a Docentes  |9 311365 
650 0 |a Formación de docentes  |9 329378 
650 7 |a PERSONAL DE EDUCACION  |2 CL-VaPUC  |9 343517 
650 0 |a Investigación social   |9 307814 
650 0 |a Investigación educacional   |9 261192 
583 |a last modification  |c 20160426 04:26:57  |k Rodrigo Vera 
490 0 |a Formación de Docentes en Investigación Educativa, 1 
999 |c 248064  |d 248062 
952 |0 0  |1 0  |4 0  |6 370_710000000000000_BRI_1992  |7 0  |8 A  |9 264414  |a BIBEDU  |b BIBEDU  |c ES_NOD  |d 2019-11-19  |i 3201198  |o 370.71 BRI 1992  |p 3201198  |r 2023-08-09  |w 2019-11-19  |y BK  |k EPE 
952 |0 0  |1 0  |4 0  |6 370_710000000000000_BRI_1992  |7 0  |8 A  |9 264415  |a BIBEDU  |b BIBEDU  |c ES_NOD  |d 2019-11-19  |i 4594746  |o 370.71 BRI 1992  |p 4594746  |r 2023-08-09  |w 2019-11-19  |y BK  |k BME